000 00465pab a2200169 454500
008 180718b2012 xxu||||| |||| 00| 0 eng d
100 _aNgok, Kinglun
245 _aServing migrants workers : A challenging public services issue in china
260 _c2012
300 _ap.178-190.
362 _aJun
650 _aMigrant workers - China
650 _aMigrant workers
773 _aAustralian Journal of Public Administration
908 _aN
909 _a97059
999 _c97059
_d97059